LEADER 00752nam0-22002891i-450- 001 990007929660403321 005 20080620140931.0 035 $a000792966 035 $aFED01000792966 035 $a(Aleph)000792966FED01 035 $a000792966 100 $a20041008d1964----km-y0itay50------ba 101 0 $afre 102 $aFR 105 $ay-------001yy 200 1 $a<>pensée de Nietzsche$fJules Chaix-Ruy 210 $a[Paris]$cBordas$d[1964] 215 $a190 p.$d22 cm 225 1 $aPour connaitre 700 1$aChaix-Ruy,$bJules$0180635 801 0$aIT$bUNINA$gRICA$2UNIMARC 901 $aBK 912 $a990007929660403321 952 $aXI C C 14$b1434$fDFD 959 $aDFD 996 $aPensée de Nietzsche$9748621 997 $aUNINA LEADER 01176cam2 22003013 450 001 SOB007363 005 20171214105155.0 010 $a2204048992 100 $a20040211d1993 |||||ita|0103 ba 101 $afre 102 $aFR 200 0 $a2: 2., 29 - 3., 37$fGrégoire Le Grand$gtexte, traduction et notes par Christophe Vuillaume 210 $aParis$cLes Éditions du Cerf$d1993 215 $a340 p.$d20 cm 225 2 $aSources chrétiennes$v391 410 1$1001LAEC00014980$12001 $a*Sources chrétiennes$v391 461 1$1001SOBE00057764$12001 $aCommentaire sur le premier livre des rois / Grégoire Le Grand ; Introduction, texte, traduction et notes par Adalbert de Vogue 700 0$aGregorius $3AF00007105$4070$0330455 702 1$aVUILLAUME, Christophe$3AF00018333$4070 801 0$aIT$bUNISOB$c20171214$gRICA 850 $aUNISOB 852 $aUNISOB$j200|Coll|11|K$m106057 912 $aSOB007363 940 $aM 102 Monografia moderna SBN 941 $aW 957 $a200|Coll|11|K$b000391$gSI$d106057$rACQUISTO$1bethb$2UNISOB$3UNISOB$420171214104928.0$520171214105100.0$6bethb 996 $a2: 2., 29 - 3., 37$91677559 997 $aUNISOB